Statistics for All The Fairly OddParents! Episodes (Shorts- Season 10)

Click here to take the quiz!

General Stats

  • This quiz has been taken 6 times
  • The average score is 32 of 291

Answer Stats

SeasonEpsiode In SeasonAirdateEpisodeOverall Episode% Correct
32aNovember 30, 2002Shiny Teeth22a
75%
28aSeptember 6, 2002Mighty Mom And Dyno Dad15a
75%
Shorts1September 4, 1998The Fairly OddParents!1
50%
33aAugust 1, 2003MicroPhony23a
50%
35bJanuary 10, 2003Wanda's Day Off!25b
50%
21bMarch 1, 2002Hex Games8b
50%
48January 29, 2004The Big Superhero Wish!47
50%
61/2February 18, 2008Fairly Odd Baby81/82
50%
615/16/17/18/19/20May 1/2/3, 2009Wishology!95/96/97/98/99/100
50%
25aMay 10, 2002Timvisible 12a
50%
318bOctober 18, 2003Imaginary Gary38b
50%
410bNovember 27, 2004Just The Two Of Us!49b
25%
411aJune 18, 2004Who's Your Daddy?50a
25%
410aNovember 27, 2004Fairy Friends And Neighbors!49a
25%
49bMay 18, 2004Emotion Commotion!48b
25%
49aMay 18, 2004Power Pals!48a
25%
411bJune 18, 2004Homewrecker50b
25%
47bJune 14, 2004Class Clown46b
25%
412aNovember 27, 2004A New Squid In Town!51a
25%
412bNovember 27, 2004Wish Fixers51b
25%
47aJune 14, 2004The Odd Couple46a
25%
45bMarch 19, 2004Mr. Right!44b
25%
46bFebruary 20, 2004Pixies Inc.45b
25%
46aFebruary 20, 2004Vicky Loses Her Icky45a
25%
45aMarch 19, 2004Baby Face44a
25%
44bJune 1, 2004A Bad Case Of Diary-Uh!43b
25%
44aJune 1, 2004Lights... Camera... Adam!43a
25%
43bNovember 14, 2003Parent Hoods42b
25%
43aNovember 14, 2003Hard Copy42a
25%
42September 10, 2004Shelf Life41
25%
41bNovember 7, 2003Mind Over Magic40b
25%
41aNovember 7, 2003Miss Dimmsdale40a
25%
319bNovember 21, 2003Snow Bound39b
25%
319aNovember 21, 2003Chip Off The Old Chip39a
25%
318aOctober 18, 2003Where's Wanda?38a
25%
317bOctober 10, 2003Odd Ball37b
25%
413bFebruary 15, 2005Beach Bummed!52b
25%
417bJanuary 17, 2005Genie Meanie Minie Mo56b
25%
417aJanuary 17, 2005Catman Meets The Crimson Chin56a
25%
58bMay 12, 2005Remy Rides Again66b
25%
79aApril 9, 2010Chicken Poofs109a
25%
75aAugust 14, 2009Fly Boy105a
25%
72bAugust 11, 2009Squirrely Puffs102b
25%
612aNovember 30, 2008Vicky Gets Fired92a
25%
67aMay 14, 2008Cheese And Crockers87a
25%
922July 18, 2014Dimmsdale Tales148
25%
Shorts2September 25, 1998Too Many Timmys!2
25%
519aNovember 25, 2006Timmy The Barbarian!77a
25%
512aOctober 3, 2005Mooooving Day70a
25%
510bFebruary 18, 2005The Big Bash68b
25%
510aFebruary 18, 2005The Masked Magician68a
25%
59bMay 13, 2005Timmy TV67b
25%
59aMay 13, 2005Talkin' Trash67a
25%
58aMay 12, 2005Hassle In The Castle66a
25%
316bSeptember 26, 2003The Big Scoop!36b
25%
57bFebruary 17, 2005Teeth For Two65b
25%
57aFebruary 17, 2005Back To The Norm65a
25%
56bMay 11, 2005The Gland Plan64b
25%
56aMay 11, 2005Escape From Unwish Island64a
25%
55bMay 10, 2005It's A Wishful Life63b
25%
55aMay 10, 2005Timmy's 2D House Of Horror63a
25%
54bApril 2, 2005Five Days Of F.L.A.R.G.62b
25%
54aApril 2, 2005Blondas Have More Fun!62a
25%
53bMay 9, 2005Birthday Wish!61b
25%
53aMay 9, 2005Go Young, West Man!61a
25%
52bFebruary 16, 2005Just Desserts!60b
25%
52aFebruary 16, 2005You Doo60a
25%
51bFebruary 14, 2005Love At First Height59b
25%
51aFebruary 14, 2005Nega-Timmy59a
25%
317aOctober 10, 2003Crime Wave37a
25%
413aFebruary 15, 2005Truth Or Cosmoquences52a
25%
316aSeptember 26, 2003Pipe Down!36a
25%
24aApril 26, 2002Super Bike11a
25%
29bSeptember 13, 2002Nectar Of The Odds16b
25%
29aSeptember 13, 2002Fairy Fairy Quite Contrary16a
25%
28bSeptember 6, 2002Knighty Knight15b
25%
27bJuly 12, 2002The Switch Glitch14b
25%
27aJuly 12, 2002Totally Spaced Out14a
25%
26bJune 7, 2002The Boy Who Would Be Queen13b
25%
26aJune 7, 2002Foul Balled13a
25%
25bMay 10, 2002That Old Black Magic12b
25%
24bApril 26, 2002A Mile In My Shoes11b
25%
23bMarch 22, 2002Smarty Pants10b
25%
210bSeptember 27, 2002Twistory17b
25%
23aMarch 22, 2002Action Packed10a
25%
22aMarch 8, 2002Boy Toy9a
25%
21aMarch 1, 2002Boys In The Band8a
25%
15aApril 27, 2001Chin Up!5a
25%
13bApril 13, 2001Tiny Timmy!3b
25%
13aApril 13, 2001A Wish Too Far!3a
25%
12aApril 6, 2001Spaced Out2a
25%
315bNovember 11, 2003Which Witch Is Which?35b
25%
Shorts4January 2, 1999Party Of Three!4
25%
210aSeptember 27, 2002Hail To The Chief17a
25%
22bMarch 8, 2002Inspection Detection9b
25%
211aOctober 11, 2002Fools Day Out18a
25%
36aJanuary 27, 2003Odd Jobs26a
25%
315aNovember 11, 2003Kung Timmy35a
25%
313bMay 23, 2003The Grass Is Greener33b
25%
211bOctober 11, 2002Deja Vu18b
25%
313aMay 23, 2003Beddy Bye33a
25%
312bMay 2, 2003This Is Your Wish32b
25%
312aMay 2, 2003Most Wanted Wish32a
25%
311bMay 9, 2003Engine Blocked31b
25%
310bMay 17, 2003Mother Nature30b
25%
310aMay 17, 2003Sleepover And Over30a
25%
36bJanuary 27, 2003Movie Magic26b
25%
311aMay 9, 2003The Crimson Chin Meets Mighty Mom And Dyno Dad31a
25%
35aJanuary 10, 2003Cosmo Con25a
25%
34February 14, 2003Love Struck!24
25%
213October 29, 2002Scary Godparents20
25%
31aNovember 8, 2002Ruled Out21a
25%
31bNovember 8, 2002That's Life!21b
25%
314June 27, 2003The Secret Origin Of Denzel Crocker!34
25%
33bAugust 1, 2003So Totally Spaced Out23b
25%
916aJuly 21, 2014Love At First Bark142a
0%
99bJuly 23, 2014Country Clubbed135b
0%
910aJuly 28, 2014Dog Gone136a
0%
910bJuly 28, 2014Turner Back Time136b
0%
1018aFebruary 8, 2017Knitwits170a
0%
914aJuly 14, 2014Let Sleeper Dogs Lie140a
0%
911aJuly 7, 2014Cosmonopoly137a
0%
914bJuly 14, 2014Cat-Astrophe140b
0%
99aJuly 23, 2014The Bored Identity135a
0%
915aJuly 30, 2014Lame Ducks141a
0%
911bJuly 7, 2014Hero Hound137b
0%
912aJuly 8, 2014A Boy And His Dog-Boy138a
0%
1018bJune 14, 2017Dimmsdale's Got Talent?170b
0%
912bJuly 8, 2014Crock Blocked138b
0%
1019January 18, 2017Certifiable Super Sitter171
0%
913aJuly 29, 2014Weirdos On A Train139a
0%
913bJuly 29, 2014Tons Of Timmys139b
0%
915bJuly 30, 2014A Perfect Nightmare141b
0%
94bJune 8, 2013App Trap130b
0%
98bJuly 9, 2014Dust Busters134b
0%
92aApril 14, 2013Dinklescouts128a
0%
82/3November 23, 2011Timmy's Secret Wish!122/123
0%
84June 18, 2011Invasion Of The Dads124
0%
85October 15, 2011When L.O.S.E.R.S. Attack125
0%
81February 12, 2011Love Triangle121
0%
86December 29, 2011Meet The OddParents126
0%
720bFebruary 26, 2011Operation Dinkleberg120b
0%
917aJuly 15, 2014Jerk Of All Trades143a
0%
91March 23, 2013Fairly OddPet127
0%
92bApril 14, 2013I Dream Of Cosmo128b
0%
98aJuly 9, 2014Finding Emo134a
0%
93aMay 4, 2013Turner And Pooch129a
0%
93bMay 11, 2013Dumbbell Curve129b
0%
94aJune 1, 2013The Terrible Twosome130a
0%
95aJune 15, 2013Force Of Nature131a
0%
95bJune 22, 2013Viral Vidiots131b
0%
96October 19, 2013Scary GodCouple132
0%
97aJuly 25, 2014Two And A Half Babies133a
0%
1020aJuly 19, 2017Goldi-Crocks And The Three Fair Bears172a
0%
97bJuly 25, 2014Anchor's Away133b
0%
916bJuly 21, 2014Desperate Without Housewives142b
0%
104aFebruary 26, 2016The Fair Bears156a
0%
917bJuly 15, 2014Snack Attack143b
0%
1013bJune 28, 2017Chip Off The Old Crock!165b
0%
106bSeptember 14, 2016One Flu Over The Crocker's Nest158b
0%
107September 16, 2016Booby Trapped159
0%
108aSeptember 13, 2016Marked Man160a
0%
108bSeptember 13, 2016Blue Angel160b
0%
109aSeptember 15, 2016Clark Laser161a
0%
1015aJuly 26, 2017Hare Raiser167a
0%
1014bJuly 12, 2017Summer Bummer166b
0%
1014aJuly 19, 2017Space Ca-Dad166a
0%
1013aFebruary 22, 2017Cat 'N Mouse165a
0%
105bSeptember 12, 2016Fish Out Of Water157b
0%
1012bJune 21, 2017Dimmsdale Daze164b
0%
1012aFebruary 1, 2017Spring Break-Up164a
0%
109bSeptember 15, 2016Married To The Mom161b
0%
1010aJune 21, 2017Which Is Wish162a
0%
719bJuly 11, 2011Crock Talk119b
0%
1011bJuly 12, 2017The Hungry Games163b
0%
1011aJune 28, 2017Fairy Con163a
0%
1010bFebruary 22, 2017Nuts And Dangerous162b
0%
106aSeptember 14, 2016Animal Crockers158a
0%
105aSeptember 12, 2016A Sash And A Rash157a
0%
918aJuly 16, 2014Turning Into Turner144a
0%
924March 28, 2015The Fairy Beginning150
0%
918bJuly 16, 2014The Wand That Got Away144b
0%
919aJuly 22, 2014Stage Fright145a
0%
919bJuly 22, 2014Gone Flushin'145b
0%
920March 28, 2015Fairly Old Parent146
0%
1017bFebruary 15, 2017Tardy Sauce169b
0%
921May 26, 2014School Of Crock147
0%
1017aJanuary 25, 2017Crockin' The House169a
0%
923July 11, 2014The Past And The Furious149
0%
925August 1, 2014Fairly Odd Fairy Tales151
0%
104bJune 14, 2017Return Of The L.O.S.E.R.S.156b
0%
1016bFebruary 15, 2017Chloe Rules!168b
0%
926February 8, 2015Man's Worst Friend152
0%
1016aFebruary 8, 2017Dadlantis168a
0%
101January 15, 2016The Big Fairy Share Scare153
0%
102aJanuary 22, 2016Whittle Me This!154a
0%
102bJanuary 29, 2016Mayor May Not154b
0%
103aFebruary 5, 2016Girly Squirrely155a
0%
1015bJuly 26, 2017The Kale Patch Caper167b
0%
103bFebruary 19, 2016Birthday Battle155b
0%
720aFebruary 26, 2011Spellementary School120a
0%
63bMarch 11, 2008Hairicane83b
0%
719aAugust 5, 2012Farm Pit119a
0%
517/18May 19, 2006Fairy Idol75/76
0%
513aOctober 4, 2005Oh, Brother!71a
0%
513bOctober 4, 2005What's The Difference?71b
0%
514aOctober 5, 2005Smart Attack!72a
0%
514bOctober 5, 2005Operation F.U.N.72b
0%
515aOctober 6, 2005Something's Fishy!73a
0%
515bOctober 6, 2005Presto Change-O73b
0%
516aOctober 7, 2005The "Good Old Days!"74a
0%
516bOctober 7, 2005Future Lost74b
0%
519bNovember 25, 2006No Substitute For Crazy!77b
0%
511July 2, 2004Crash Nebula69
0%
Jimmy Timmy Power Hour1May 7, 2004Jimmy Timmy Power Hour78
0%
Jimmy Timmy Power Hour2January 16, 2006When Nerds Collide!79
0%
Jimmy Timmy Power Hour3July 21, 2006The Jerkinators!80
0%
63aMarch 10, 2008Mission Responsible83a
0%
64aMarch 12, 2008Open Wide And Say Aaagh!84a
0%
64bMarch 13, 2008Odd Pirates84b
0%
65August 1, 2008The Fairly Oddlympics85
0%
66aMay 12, 2008Odd Squad86a
0%
512bOctober 3, 2005Big Wanda70b
0%
418/19June 10, 2005School's Out!: The Musical57/58
0%
67bMay 15, 2008Land Before Timmy87b
0%
11bMarch 30, 2001Power Mad!1b
0%
Shorts3October 2, 1998Where's The Wand?3
0%
Shorts5May 1, 1999The Fairy Flu!5
0%
Shorts6July 24, 1999The Temp!6
0%
Shorts7December 31, 1999The Zappys!7
0%
Shorts8January 17, 2000Scout's Honor8
0%
Shorts9December 8, 2000The Really Bad Day!9
0%
Shorts10March 23, 2001Super Humor10
0%
11aMarch 30, 2001The Big Problem!1a
0%
12bApril 6, 2001TransParents!2b
0%
414/15/16July 23, 2004Channel Chasers53/54/55
0%
14aApril 20, 2001Father Time!4a
0%
14bApril 20, 2001Apartnership!4b
0%
15bApril 27, 2001Dog's Day Afternoon5b
0%
16aMay 4, 2001Dream Goat!6a
0%
16bMay 4, 2001The Same Game6b
0%
17December 12, 2001Christmas Everyday!7
0%
212January 20, 2003Information Stupor Highway19
0%
32bNovember 30, 2002Odd, Odd West22b
0%
37/8/9July 12, 2003Abra- Catastrophe!27/28/29
0%
66bMay 13, 2008For Emergencies Only86b
0%
68December 12, 2008Merry Wishmas88
0%
718bJuly 13, 2011Dad Overboard118b
0%
713bSeptember 18, 2010Crocker Of Gold113b
0%
79bFebruary 6, 2010Stupid Cupid109b
0%
710aSeptember 11, 2010Double-Oh Schnosmo!110a
0%
710bApril 5, 2010Planet Poof110b
0%
711aSeptember 11, 2010The Boss Of Me111a
0%
711bApril 6, 2010He Poofs, He Scores!111b
0%
712aApril 7, 2010Playdate Of Doom112a
0%
712bApril 8, 2010Teacher's Pet112b
0%
713aSeptember 18, 2010Manic Mom-Day113a
0%
714aAugust 15, 2011Beach Blanket Bozos114a
0%
78aAugust 16, 2009One Man Banned108a
0%
714bAugust 15, 2011Poltergeeks114b
0%
715aJuly 14, 2011Old Man And The C-115a
0%
715bJuly 14, 2011Balance Of Flour115b
0%
716aJuly 12, 2011 Food Fight116a
0%
716bJuly 12, 2011Please Don't Feed The Turners116b
0%
717aFebruary 6, 2010Take And Fake117a
0%
717bJuly 11, 2011Cosmo Rules117b
0%
718aJuly 13, 2011Lights Out118a
0%
78bAugust 16, 2009Frenemy Mine108b
0%
77bAugust 10, 2009Timmy Turnip107b
0%
69aMay 16, 2008King Chang89a
0%
614aJuly 9, 2009Birthday Bashed!94a
0%
69bAugust 11, 2008The End Of The Universe-ity89b
0%
610aAugust 12, 2008Sooper Poof90a
0%
610bAugust 13, 2008Wishing Well90b
0%
611aAugust 14, 2008Wishy Washy91a
0%
611bAugust 15, 2008Poof's Playdate91b
0%
612bNovember 30, 2008Chindred Spirits92b
0%
613aNovember 30, 20089 Lives!93a
0%
613bNovember 30, 2008Dread 'N' Breakfast93b
0%
614bAugust 12, 2009Momnipresent94b
0%
77aOctober 2, 2009Dadbra-Cadabra107a
0%
71July 10, 2009Anti-Poof101
0%
72aAugust 13, 2009Add-a-Dad102a
0%
73aJuly 8, 2009Micecapades103a
0%
73bJuly 7, 2009Formula For Disaster103b
0%
74aJuly 6, 2009Bad Heir Day104a
0%
74bSeptember 30, 2009Freaks And Greeks104b
0%
75bSeptember 29, 2009Temporary Fairy105b
0%
76aSeptember 28, 2009Crocker Shocker106a
0%
76bOctober 1, 2009Super Zero106b
0%
1020bFebruary 1, 2017Fancy Schmancy172b
0%

Score Distribution

Percentile by Number Answered

Percent of People with Each Score

Your Score History

You have not taken this quiz